MDQL
is popping MORE tags! Check the
thread
!
Quizzes
Events
Quiz Creation
Community
Videos
Private Events
Remove Ads
Sign In
Join for FREE
Feedback
Dark Mode
Quiz Categories
Sports
Geography
Music
Movies
Television
Just For Fun
Miscellaneous
History
Literature
Language
Science
Gaming
Entertainment
Religion
Holiday
For Kids
Quiz Lab
Recent
Popular Today
Quiz Kudos Today
Editor Picks
Curator Picks
Quizzes by...
Day
Popularity
Type
Ratings
Length
Year
Community
Subscriptions
Recent Discussions
Orange Saloon
Badges
Playlists
Quests
Create
Leaderboards
Showdown
Live 5
Trivia Bingo
Activity
Puzzle Library
Sporcle Events
Private Events
Virtual Trivia
Globe League
Become a Host
Pub Owners
SporcleCon
Opinionation
Our Games
Videos
Blog
Mobile Apps
Partnerships
Remove Ads and Go Orange
Feedback
Sports
Athletes
MLB
NBA
NHL
NFL
Soccer
Sports Teams
WWE
NCAA
Football
Premier League
Basketball
Baseball
Hockey
Golf
Tennis
Cricket
Rugby
Auto Racing
Olympics
World Cup
Sports
Athletes
MLB
NBA
NHL
NFL
Soccer
Sports Teams
WWE
NCAA
Football
Premier League
Basketball
Baseball
Hockey
Golf
Tennis
Cricket
Rugby
Auto Racing
Olympics
World Cup
Random Quiz
Search Sporcle
×
Quiz Lab
Quiz Lab
Sports
veikkausliiga
Type answers based on single images at one time
Type answers based on single images at one time
Slideshow
Best Score? Go Orange.
Veikkausliiga Players 2015 Stats
Can you name the Veikkausliiga season 2015 players by their pictures?
By
Foss
8m
60 Questions
439 Plays
439 Plays
439 Plays
Comments
Comments
Give Quiz Kudos
Give Quiz Kudos
-
- Ratings
hide this ad
Replay
Link that replays current quiz
Next Quiz
Link to next quiz in quiz playlist
You Got
0%
They Got
Avg Score
48%
Avg Friend Score
Upgrade to see
Score Distribution
Jump to the score distribution portion of the page
Score
0/60
Timer
08:00
0
Plays Today
% Correct
Mike Havenaar
91.8%
Magnus Bahne
91.1%
Gideon Baah
88.6%
Rasmus Schüller
88.2%
Pekka Sihvola
87.2%
Tomi Maanoja
81.8%
Daniel Örlund
81.5%
Jukka Halme
81.3%
Moshtagh Yaghoubi
79.5%
Jesse Öst
75.4%
Henri Sillanpää
73.8%
Pekka Lagerblom
73.3%
Kaan Kairinen
72.2%
Roni Peiponen
70.4%
Miikka Ilo
70.2%
Mihkel Aksalu
68.8%
Tomas Hradecky
66.1%
Serge Atakayi
60.6%
Pyry Soiri
58.3%
Juha Pirinen
57.9%
Felipe Aspegren
57.6%
Cedric Gogoua
55.6%
Urho Nissilä
55.1%
Mika Johansson
54.7%
Walter Viitala
53.3%
Jordan Seabrook
51.9%
Aleksei Kangaskolkka
51%
Toni Lehtinen
49.9%
Jere Pyhäranta
48.5%
Aleksi Ristola
48.5%
% Correct
Matias Hänninen
45.8%
Ilari Äijälä
45.3%
Ville Taulo
43.7%
Tuomas Rannankari
40.1%
Marco Matrone
39.4%
Saku Savolainen
38.5%
Juuso Hämäläinen
37.1%
Henri Toivomäki
34.6%
Kalle Kauppi
33.7%
Mika Lahtinen
33.7%
Miikka Mujunen
32.1%
David Carlsson
30.8%
Harri Nykänen
29.6%
Simo Roiha
29.6%
Joona Veteli
27.8%
Josh Mulvany
26.7%
Tommy Wirtanen
26.4%
Demba Camara
26%
Loorents Hertsi
25.7%
Jesper Engström
25.3%
Robin Sid
24.1%
Henri Malundama
21.9%
Anthony Dafaa
21.4%
Aleksi Tarvonen
19.4%
Walter Moore
19.1%
Gustav Långbacka
18.5%
Simo Majander
13.9%
Antti Koskinen
13.9%
Jaakko Juuti
13.4%
Emil Lidman
13%
Quiz Playlist
Details
Report
Send in Message
Add To Playlist
Slideshow:
Type answers based on single images at one time
Last Updated: Feb 16, 2017
Quiz Scoreboard
CHALLENGE
Sign Up to Join the Scoreboard
Show All
Scores
Hide
Comments
May contain spoilers
Recently Published
1-10 Letter E Words III
by El_Dandy
Language
2m
Street Fighter Characters
by Artimus82
Gaming
60s
College Basketball Coaching Resumes
by pancakes188
Sports
9m
More to Explore
Quiz From the Vault
Featured Blog Post
Where Did the Easter Bunny Come From?
hide this ad
You Might Also Like...
Tags
2015
Player
season
veikkausliiga
Today's Top Quizzes in Sports
Browse Sports
hide this ad
Top Contributed Quizzes in Sports
1
2022 World Cup Stars
2
Les meilleurs buteurs des matchs entre le PSG et l’OM
3
FIFA Club World Cup Champions
4
Les entraîneurs de l'OM et du PSG au 21e siècle
5
Criteria MLB: Left Handed Sluggers
6
2023 MLB Unique Player Accomplishments
7
AFC Teams Reveal (Wrong Answers Minefield)
8
Players with Multiple 50 Home Run Seasons
9
5-to-1: FBS Animal Nicknames
10
5-to-1: UK Sports Teams
Explore More
Trending Topics
Harry Potter
Kpop
NBA
Crossword
Disney
Marvel
Anime
Soccer
Song
WWE
Puzzle
The Office
NFL
Pokémon
Country
hide this ad
More By:
Foss
Quiz
Plays
Rating
Category
Featured
Created
Veikkausliiga Squads 2015
1,019
5.00
Sports
Jun 29, 2015
Veikkausliiga Squads 2016
501
Sports
Apr 28, 2016
Veikkausliiga Players 2015
439
5.00
Sports
Jun 30, 2015
Ykkönen Squads 2015
225
Sports
Jul 1, 2015
FutisForum2 - Pelaajatopikit
148
Just For Fun
Aug 28, 2015
Go to Creator's Profile
Score Distribution
Quiz Creator Spotlight
Foss
Follow
Send a Message
Quizzes Created
-
Created Quiz Play Count
-
More By This Creator
Popular Quizzes Today
1
Find the US States - No Outlines Minefield
2
Find the Countries of Europe - No Outlines Minefield
3
The Countries of the World
4
Find the US States
5
Risky Map Clicking: Biggest States A-Z
6
US States
7
Popular People in 1961
8
Movies - When Are They Set?
More Sports Quizzes
Atlético Madrid's Number 9's
Quiz Lab
Trending Quizzes
Risky Map Clicking: Least Populous States A-Z
Billboard Blitz: Aretha Franklin
Famous Russians: Author or Composer?
Countries of the World: 200 Million BC
1-10 Letter G Words
Recently Updated
Leaping Animals
pecheneg
Reality TV Shows (A-Z)
bhenderson79
Rickey Henderson's Hall of Fame Teammates
pecheneg
Champions League XIs: Arsenal
pecheneg
Quick Pick: Celebrities in WWE's Hall of Fame
aduchscher
A-Z Keypad Blitz II
pecheneg
Multiple Oscar Actors
pecheneg
Mystery Phrase Blitz: Oscar 'Best Actors'
pecheneg
F. Scott Fitzgerald Novels
LTH
Pick 3 Villains
ddd62291
Trending Topics
Kpop
NBA
Anime
Crossword
Marvel
Harry Potter
Disney
Pokémon
Country
WWE
NFL
The Office
Puzzle
Song
Soccer
Your Account Isn't Verified!
In order to create a playlist on Sporcle, you need to verify the email address you used during registration. Go to your
Sporcle Settings
to finish the process.
Report this User
Report this user for behavior that violates our
Community Guidelines
.
Details:
Send Report
Go to the Sporcle.com Mobile Site →
Comments